000 00416nam a2200169Ia 4500
005 20250508150935.0
008 008 250505s9999 xx 000 0 eng d
037 _aTextual
040 _aFEDL
_beng
_cFEDL
041 _aeng
_2eng
084 _a780.42, TUR
_qFEDL
100 _aTurner W J
245 0 _aEnglish music
300 _a47p.
942 _cTEXL
_h780.42, TUR
999 _c1326623
_d1326623